000 00654nam a22002057a 4500
003 NUST - PNEC
005 20170116180749.0
008 150304b xxu||||| |||| 00| 0 eng d
020 _a007101215X
020 _a9780071012157
040 _cLIBRARY
082 _a658.3124 KRO
100 _91590
_aKroehnert Gray
245 _a101 More Traning Games
_cGray Kroehnert
260 _aAustralia
_bMcGraw Hill
_cc1999
300 _a200 p. :
650 _91589
_aEducation and Training
_xGeneral
856 _uhttp://www.amazon.com/101-More-Traning-Games/dp/007101215X/ref=sr_1_1?s=books&ie=UTF8&qid=1425446835&sr=1-1&keywords=007101215X
942 _2ddc
_cBK
999 _c62477
_d62477